00450nam a2200157Ia 4500008004100000020001300041082001200054100002000066245007100086250000800157260003500165300002400200500001900224600003300243650001600276240925s9999 xx 000 0 und d a70991340 a515 SCH aScheid, Francis 0aSchaum's Outline Series Theory and Problems of Numerical Analysis  a2nd aNew York:bMcGraw-Hillc,1989. a212p.bN.AfPirated aIncludes Index aHumanities & Natural Science aMathematics